Se7en Sins of… Sudden Death! - Statistics

General Stats
  • This quiz has been taken 4,320 times
  • The average score is 6 of 7
Answers on the Grid
Answers color-coded by a green-red scale on the quiz's grid according to % correct below.
Acrimony
Avarice
Contempt
Disdain
Envy
Gluttony
Gumption
Hubris
Levity
Lust
Pedantry
Perfidy
Pride
Rancor
Sloth
Tomfoolery
Vainglory
Wrath
 
Answer Stats
Answer % Correct
Envy
96%
Lust
95%
Gluttony
94%
Pride
91%
Sloth
89%
Wrath
87%
Avarice
39%
No matching quizzes found
Score Distribution
Percent of People with Each Score
Percentile by Number Answered
Your Score History
You have not taken this quiz